Optimal monetary policy under uncertainty

Gespeichert in:
Bibliographische Detailangaben
1. Verfasser: Froyen, Richard T.
Weitere Verfasser: Guender, Alfred V.
Format: Buch
Sprache:Englisch
Veröffentlicht: Cheltenham Edward Elgar 2008
Schlagworte:
Tags: Tag hinzufügen
Keine Tags, Fügen Sie das erste Tag hinzu!

MARC

LEADER 00000nam$a2200000$$$4500
001 0109615
005 20240312115913.3
020 |a 978-1-84844-344-0 
041 0 |a eng 
044 |a GB 
245 1 0 |a Optimal monetary policy under uncertainty  |c Richard T. Froyen, Alfred V. Guender 
264 1 |a Cheltenham  |b Edward Elgar  |c 2008 
300 |a 332 s. 
610 2 0 |a politika peňažná 
610 2 0 |a kurz výmenný 
610 2 0 |a optimalizácia 
610 2 0 |a modelovanie ekonometrické 
610 2 0 |a Phillipsova krivka 
610 2 0 |a hospodárstvo otvorené 
610 2 0 |a modely ekonometrické 
100 1 |a Froyen, Richard T. 
700 1 |a Guender, Alfred V.